Photographic Field Trips - Artists on the Move (Record no. 1467)

MARC details
000 -LEADER
campo de control de longitud fija 00443nam a22001217a 4500
008 - DATOS DE LONGITUD FIJA--INFORMACIÓN GENERAL
campo de control de longitud fija 180525b xxu||||| |||| 00| 0 eng d
082 ## - NÚMERO DE LA CLASIFICACIÓN DECIMAL DEWEY
Número de clasificación 778.93
Número de ítem K62p
110 ## - ENTRADA PRINCIPAL--NOMBRE DE ENTIDAD CORPORATIVA
Nombre de entidad corporativa o nombre de jurisdicción como elemento de entrada Bergen Kjøtt
9 (RLIN) 6332
245 ## - MENCIÓN DEL TÍTULO
Título Photographic Field Trips - Artists on the Move
260 ## - PUBLICACIÓN, DISTRIBUCIÓN, ETC.
Lugar de publicación, distribución, etc. Noruega
Nombre del editor, distribuidor, etc. Bergen Kjøtt Publishing
Fecha de publicación, distribución, etc. 2017
300 ## - DESCRIPCIÓN FÍSICA
Extensión 40 p.
Otras características físicas ill (col)
Dimensiones 37 cm.
650 ## - PUNTO DE ACCESO ADICIONAL DE MATERIA--TÉRMINO DE MATERIA
Fuente del encabezamiento o término Arte contemporáneo
Subdivisión general Arte - fotografía
-- Fotografía - Naturaleza
-- Exhibiciones
Subdivisión geográfica Noruega
9 (RLIN) 6333
Holdings
Estatus retirado Estado de pérdida Fuente del sistema de clasificación o colocación Estado de daño No para préstamo Biblioteca de origen Biblioteca actual Ubicación en estantería Fecha de adquisición Total de préstamos Signatura topográfica completa Código de barras Visto por última vez Precio de reemplazo Tipo de ítem Koha
    Clasificación Decimal Dewey     Biblioteca LadoV Biblioteca LadoV   25/05/2018   778.93 K62p 004604 25/05/2018 25/05/2018 Material 01